Object recognition for a cleaning robot based on a visual system

Gespeichert in:
Bibliographische Detailangaben
1. Verfasser: Riumin, Iakov (Verfasst von)
Weitere Verfasser: Duchoň, František (Betreuung Doktorarbeit)
Format: Manuskript Buch
Sprache:Slowakisch
Englisch
Veröffentlicht: Bratislava : STU v Bratislave FEI, 2023
Schlagworte:
Online-Zugang:https://opac.crzp.sk/?fn=detailBiblioFormChildY1070A&sid=925BFB95FAA30F22919BC7019F0C&seo=CRZP-detail-kniha
Tags: Tag hinzufügen
Keine Tags, Fügen Sie das erste Tag hinzu!

MARC

LEADER 00000ntm a22000003a 4500
001 stuzp91970
003 SK-STU
005 20241113141350.0
007 ta
008 150427s2015----xo-----f-mn---000-0-slo-d
040 |a STU  |b slo 
041 0 |a eng 
044 |a xo 
100 1 |a Riumin, Iakov  |u 031000  |4 aut  |U FEI Fakulta elektrotechniky a informatiky  |T FEI Ústav robotiky a kybernetiky  |X 112068  |U E011  |Y 356  |7 112068 
242 0 1 |a Rozpoznávanie predmetov pre čistiaci robot na báze vizuálneho systému  |y slo 
245 1 0 |a Object recognition for a cleaning robot based on a visual system 
260 |a Bratislava :  |b STU v Bratislave FEI,  |c 2023 
300 |a 46 s., príl. 
650 4 |a rozpoznanie objektov  |2 slo 
650 4 |a yolo v7  |2 slo 
650 4 |a čistiaci robot  |2 slo 
650 4 |a yolo  |2 slo 
650 4 |a detekcia objektov  |2 slo 
650 4 |a object datection  |2 eng 
650 4 |a yolo v7  |2 eng 
650 4 |a yolo  |2 eng 
650 4 |a neural network  |2 eng 
650 4 |a object recognition  |2 eng 
650 4 |a cleaning Robot  |2 eng 
700 1 |a Duchoň, František  |u 031000  |k Z1  |4 ths  |U FEI Fakulta elektrotechniky a informatiky  |T FEI Ústav robotiky a kybernetiky  |X 10329  |U E011  |Y 356  |7 A000010329 
856 4 |u https://opac.crzp.sk/?fn=detailBiblioFormChildY1070A&sid=925BFB95FAA30F22919BC7019F0C&seo=CRZP-detail-kniha